000 00531nam a2200157 i 4500
001 30735
003 ES-MaACL
007 t|
008 030127s1948 ag ||||1| spa d
100 1 _aBell, E. T.
_927175
245 1 0 _aEnfermedades renales /
_cpor E. T. Bell ; traducción del inglés por Allan J. Murray.
260 _aBuenos Aires :
_bLlorens y Cía,
_c1948 (
_fSebastián de Amorrortu e Hijos)
300 _aXII, 487 p., 4 lám. :
_bil. ;
_c24 cm.
700 1 _aMurray, Allan J.
_984634
852 _aES-MaACL
_jE-1633
_bR.28416
999 _c30735
_d30735